书目信息 |
| 题名: |
窗边的小豆豆
|
|
| 作者: | 黑柳彻子 著 ;岩崎千弘 , 赵玉皎 图 | |
| 分册: | ||
| 出版信息: | 海口 南海出版公司 2003 |
|
| 页数: | 288页 | |
| 开本: | 21cm | |
| 丛书名: | 新经典文库 | |
| 单 册: | ||
| 中图分类: | I313.84 | |
| 科图分类: | ||
| 主题词: | 儿童文学--长篇小说--日本--现代 | |
| 电子资源: | ||
| ISBN: | 978-7-5442-2297-6 | |
| 000 | 01307nam0 2200289 45 | |
| 001 | 002314144 | |
| 005 | 20110225091100.21 | |
| 010 | @a978-7-5442-2297-6@dCNY20.00 | |
| 100 | @a20030228e20102003cd y0chiy0110 ea | |
| 101 | 1 | @achi@cjpn |
| 102 | @aCN@b460000 | |
| 105 | @aa z 000ay | |
| 106 | @ar | |
| 200 | 1 | @a窗边的小豆豆@Achuang bian de xiao dou dou@f(日)黑柳彻子著@F( Ri ) Hei Liu Che Zi Zhu@g(日)岩崎千弘图@g赵玉皎译 |
| 210 | @a海口@c南海出版公司@d2003@h2010年6月第71次印刷 | |
| 215 | @a288页@c插图@d21cm | |
| 225 | 2 | @a新经典文库@iNaturing丛书@v01 |
| 314 | @a黑柳彻子(女),日本著名作家、电视节目主持人,联合国儿童基金会亲善大使。著有《窗边的小豆豆》。 | |
| 330 | @a本书讲述了作者上小学时的一段真实的故事。作者因淘气被原学校退学后,来到巴学园。在小林校长的爱护和引导下,一般人眼里“怪怪”的小豆豆逐渐成了一个大家都能接受的孩子,并奠定了她一生的基础。这本书不仅带给世界千万读者无数的笑声和感动,而且为现代教育的发展注入了新的活力,成为20世纪全球最有影响的作品之一。 | |
| 410 | 0 | @12001 @aNaturing丛书@v01 |
| 606 | 0 | @a儿童文学@x长篇小说@y日本@z现代 |
| 690 | @aI313.84@v4 | |
| 701 | 0 | @a黑柳彻子@Ahei liu che zi@4著 |
| 702 | 0 | @a岩崎千弘@Ayan qi qian hong@4图 |
| 702 | 0 | @a赵玉皎@Azhao yu jiao@4译 |
| 801 | 0 | @aCN@bBJTS@c20110225 |
| 905 | @b205995066-100@h599506-10@dI313.84@e264@f5 | |
| 窗边的小豆豆/(日)黑柳彻子著/(日)岩崎千弘图/赵玉皎译.-海口:南海出版公司,2003(2010年6月第71次印刷) |
| 288页:插图;21cm.-(新经典文库.Naturing丛书;01) |
| ISBN 978-7-5442-2297-6:CNY20.00 |
| 本书讲述了作者上小学时的一段真实的故事。作者因淘气被原学校退学后,来到巴学园。在小林校长的爱护和引导下,一般人眼里“怪怪”的小豆豆逐渐成了一个大家都能接受的孩子,并奠定了她一生的基础。这本书不仅带给世界千万读者无数的笑声和感动,而且为现代教育的发展注入了新的活力,成为20世纪全球最有影响的作品之一。 |
| ● |
| 相关链接 |
|
|
|
|
正题名:窗边的小豆豆
索取号:I313.84/264
 
预约/预借
| 序号 | 登录号 | 条形码 | 馆藏地/架位号 | 状态 | 备注 |
| 1 | 599506 | 205995066 | 第一样本阅览室/ [索取号:I313.84/264] | 在馆 | |
| 2 | 599507 | 205995075 | 第二借阅区/ [索取号:I313.84/264] | 在馆 | |
| 3 | 599508 | 205995084 | 第二借阅区/ [索取号:I313.84/264] | 在馆 | |
| 4 | 599509 | 205995093 | 第二借阅区/ [索取号:I313.84/264] | 在馆 | |
| 5 | 599510 | 205995100 | 第二借阅区/ [索取号:I313.84/264] | 在馆 |